LEADER 00729nam a2200193 i 4500 001 000000080966 003 CaOOAMICUS 005 20180330000000.0 008 180330s1982 it u000 u ita u 013 $a53204 040 $aSeMil$bita 245 10$a1853-1854. 300 $a240 p. 773 0 $aKierkegaard, Søren <1813-1855>$tDiario.$dBrescia : Morcelliana, 1980-1983.$bTerza edizione riveduta e aumentata.$gVol.10$w()21197 850 $aSeMil 852 $aSeMil$W1$xVenegono$y1$m2P VII 230$j46319$B46319$CSeMilBibl$Z2$F48563 $81 852 $aSeMil$W1$xVenegono$y1$m2P II 995$j230144$B239389$CSeMilBibl$Z2$F239389 $81 961 $aRecupero: Seminario di Seveso 996 $6245$a1853-1854$9(OLS)http://semarc/title/276350 LEADER 00531nab a2200145 i 4500 001 000000315309 003 CaOOAMICUS 005 20180831173148.0 008 180831n xx uu u0 0und r 013 $a24396 040 $aSeMil$bita 100 1 $aAcerbi, Antonio <1935-2004>.$0(OLS)http://semarc/name/15858 245 10$aOsservazioni sui diritti fondamentali dei fedeli nella Chiesa. 773 0 $t[Gennaio-Dicembre].$g133-141$w()274275 996 $6245$aOsservazioni sui diritti fondamentali dei fedeli nella Chiesa$9(OLS)http://semarc/title/389364